[Event "II Aberto Prof Joao Braga"]
[Site "Clube de Xadrez Sao Paulo"]
[Date "2014.12.13"]
[Round "3.5"]
[White "Rodrigues, Leonardo De Miranda"]
[Black "Dias, Joao Batista"]
[Result "1-0"]
[WhiteElo "2173"]
[BlackElo "1838"]
[PlyCount "44"]
[EventDate "2014.12.12"]

1. e4 e5 2. Nf3 Nc6 3. Bb5 a6 4. Ba4 Be7 5. O-O b5 6. Bb3 Nf6 7. Re1 O-O 8. a4
Bb7 9. d3 d6 10. Nc3 b4 11. Ne2 Na5 12. Ba2 c5 13. Ng3 Bc8 14. c3 b3 15. Bxb3
Nxb3 16. Qxb3 Bg4 17. Qd1 Rb8 18. h3 Be6 19. d4 cxd4 20. cxd4 Bb3 21. Qe2 Qc7
22. Nf5 Bc4 1-0

[Event "II Aberto Prof Joao Braga"]
[Site "Clube de Xadrez Sao Paulo"]
[Date "2014.12.13"]
[Round "3.6"]
[White "Noseda, Francesco"]
[Black "Santos, Marcus Vinicius More"]
[Result "0-1"]
[WhiteElo "1968"]
[BlackElo "2331"]
[PlyCount "128"]
[EventDate "2014.12.12"]

1. e4 g6 2. d4 Bg7 3. Nc3 d6 4. f4 a6 5. Nf3 b5 6. Bd3 Nd7 7. O-O Bb7 8. Be3 c5
9. dxc5 Nxc5 10. Bxc5 dxc5 11. e5 Qb6 12. Kh1 Nh6 13. Be4 Bxe4 14. Nxe4 Rd8 15.
Qe2 O-O 16. Rad1 c4 17. Qf2 Qc6 18. Qe2 Qb6 19. Qf2 Qxf2 20. Nxf2 f6 21. exf6
Bxf6 22. c3 b4 23. cxb4 Bxb2 24. Rxd8 Rxd8 25. Rd1 Rb8 26. Rd7 Rxb4 27. Rc7 Bd4
28. Nh3 Ng4 29. g3 Rb1+ 30. Nhg1 Bxg1 31. Nxg1 Ne3 32. h4 Rc1 33. Rxe7 Nf5 34.
Rc7 Nxg3+ 35. Kg2 Nf5 36. Nf3 c3 37. a4 Rc2+ 38. Kf1 Ne3+ 39. Ke1 Nd5 40. Rc6
Rc1+ 41. Kf2 Nxf4 42. Rxa6 Nd3+ 43. Ke2 Nb4 44. Ra8+ Kg7 45. Rc8 c2 46. Nd4 Ra1
47. Nxc2 Nxc2 48. Rxc2 Rxa4 49. h5 g5 50. Kf3 Kh6 51. Rh2 g4+ 52. Kg3 Kg5 53.
Rb2 Ra3+ 54. Kg2 Kxh5 55. Kh2 Kh4 56. Kg2 h5 57. Rc2 Ra4 58. Kh2 g3+ 59. Kg2
Kg4 60. Rc8 Ra2+ 61. Kf1 Kh3 62. Rg8 g2+ 63. Kg1 Ra1+ 64. Kf2 Rf1+ 0-1

[Event "II Aberto Prof Joao Braga"]
[Site "Clube de Xadrez Sao Paulo"]
[Date "2014.12.13"]
[Round "3.8"]
[White "Serafim Junior, Arnor"]
[Black "Brito, Luismar"]
[Result "0-1"]
[WhiteElo "1832"]
[BlackElo "2251"]
[PlyCount "98"]
[EventDate "2014.12.12"]

1. Nf3 b6 2. g3 Bb7 3. Bg2 c5 4. c4 Nc6 5. Nc3 Ne5 6. O-O Nxf3+ 7. exf3 e6 8.
d3 Ne7 9. Re1 Nf5 10. Bf4 Be7 11. Nb5 d6 12. a4 O-O 13. Bd2 Qd7 14. Bc3 Rfd8
15. d4 a6 16. Na3 cxd4 17. Bxd4 Nxd4 18. Qxd4 Qc6 19. Qe3 Bf6 20. Rab1 Qxa4 21.
Qxb6 Rab8 22. Qe3 Ba8 23. b4 Rxb4 24. Rxb4 Qxb4 25. Rb1 Qa4 26. Qb3 Qxb3 27.
Rxb3 d5 28. Rb6 d4 29. Kf1 d3 30. Ke1 Bc3+ 31. Kd1 a5 32. Nb5 Bb4 33. Nc7 Kf8
34. Na6 Bc3 35. Rb3 Bf6 36. Ra3 Rc8 37. Rxa5 Rxc4 38. Rc5 Bd5 39. Rxc4 Bxc4 40.
Nc5 Bd4 41. Ne4 f5 42. Nd2 Bb5 43. Nb3 Ba4 44. Kd2 Bxb3 45. Kxd3 Bxf2 46. g4
Ke7 47. h3 f4 48. Ke4 g5 49. Kd3 Bg1 0-1

[Event "II Aberto Prof Joao Braga"]
[Site "Clube de Xadrez Sao Paulo"]
[Date "2014.12.13"]
[Round "3.9"]
[White "D'israel, Davy"]
[Black "Capelo, Martinho Figueira"]
[Result "1-0"]
[WhiteElo "2206"]
[BlackElo "1902"]
[PlyCount "97"]
[EventDate "2014.12.12"]

1. d4 d5 2. c4 Nc6 3. Nc3 e5 4. dxe5 d4 5. Nd5 Be6 6. e4 dxe3 7. Bxe3 Nxe5 8.
Qb3 Bxd5 9. cxd5 Bd6 10. Nf3 Nxf3+ 11. gxf3 Nf6 12. O-O-O O-O 13. Bd3 Nh5 14.
Kb1 a5 15. Bc2 a4 16. Qd3 g6 17. a3 b5 18. Qd4 Re8 19. Rhg1 b4 20. Qg4 Nf6 21.
Qh4 bxa3 22. Bxa4 Rxe3 23. fxe3 Qb8 24. b3 Be5 25. Ka2 Qb6 26. Rge1 Qc5 27. Rc1
Qxd5 28. Qc4 Qd2+ 29. Qc2 Qb4 30. e4 c5 31. Re2 Bd4 32. Qc4 Qb8 33. e5 Bxe5 34.
Rce1 Bd4 35. Bc6 Kg7 36. Bxa8 Qxa8 37. Rd1 Qxf3 38. Rxd4 cxd4 39. Rd2 d3 40.
Qxd3 Qxd3 41. Rxd3 Ne4 42. b4 f5 43. b5 f4 44. b6 Nc5 45. Rd5 Na6 46. Kxa3 Kf6
47. Ka4 g5 48. Kb5 Nb8 49. Rd8 1-0

[Event "II Aberto Prof Joao Braga"]
[Site "Clube de Xadrez Sao Paulo"]
[Date "2014.12.13"]
[Round "3.10"]
[White "Ueti, Silvio Shigueo"]
[Black "Nunes, Marcela Andreia Dias"]
[Result "1-0"]
[WhiteElo "2147"]
[BlackElo "1483"]
[PlyCount "77"]
[EventDate "2014.12.12"]

1. c4 Nf6 2. g3 g6 3. Bg2 Bg7 4. Nc3 O-O 5. e4 d6 6. Nge2 c5 7. O-O Nc6 8. d3
Rb8 9. a3 a6 10. Rb1 b5 11. cxb5 axb5 12. b4 cxb4 13. axb4 Bg4 14. Be3 Qc8 15.
f3 Bh3 16. Bxh3 Qxh3 17. d4 Qc8 18. Qd3 Qb7 19. Rfc1 Rfc8 20. g4 h5 21. g5 Nh7
22. f4 e6 23. Kf2 Nf8 24. f5 gxf5 25. exf5 exf5 26. Qxf5 Ne7 27. Qh3 h4 28.
Qxh4 Nf5 29. Qg4 Nxe3 30. Kxe3 Re8+ 31. Kd3 Re7 32. Ne4 Ne6 33. Nf6+ Kf8 34.
Nc3 Rc7 35. Ncd5 Rxc1 36. Rxc1 Bxf6 37. Nxf6 Ke7 38. d5 Nf8 39. Re1+ 1-0

[Event "II Aberto Prof Joao Braga"]
[Site "Clube de Xadrez Sao Paulo"]
[Date "2014.12.13"]
[Round "3.11"]
[White "Yoshioka, Andre"]
[Black "De Moura, Sergio Jovelino"]
[Result "0-1"]
[WhiteElo "1685"]
[BlackElo "2121"]
[PlyCount "64"]
[EventDate "2014.12.12"]

1. d4 Nf6 2. c4 c5 3. d5 g6 4. Nc3 d6 5. e4 Bg7 6. f4 O-O 7. Nf3 b5 8. e5 dxe5
9. fxe5 Ng4 10. Nxb5 Nxe5 11. Nxe5 Bxe5 12. Bd3 a6 13. Nc3 Qc7 14. Bh6 Re8 15.
h4 e6 16. O-O Bd4+ 17. Kh1 Qg3 18. Rf3 Qxh4+ 19. Rh3 Qd8 20. Qf3 exd5 21. Rf1
Ra7 22. Nxd5 Bxh3 23. Qxh3 Nc6 24. b3 Nb4 25. Nxb4 cxb4 26. Qg3 Rae7 27. Qf3
Rd7 28. Qh3 Bc3 29. Bc2 Re2 30. Bb1 Rd1 31. g3 Qa8+ 32. Kg1 Bd4+ 0-1

[Event "II Aberto Prof Joao Braga"]
[Site "Clube de Xadrez Sao Paulo"]
[Date "2014.12.13"]
[Round "3.12"]
[White "Oliveira, Jonathan De"]
[Black "Farah, Daniel Landshoff"]
[Result "1-0"]
[WhiteElo "2105"]
[BlackElo "1858"]
[PlyCount "45"]
[EventDate "2014.12.12"]

1. c4 e5 2. Nc3 Nc6 3. g3 g6 4. Bg2 Bg7 5. e3 Nge7 6. Nge2 Nf5 7. O-O O-O 8.
Rb1 d6 9. b4 Nce7 10. d3 c6 11. b5 d5 12. Ba3 Re8 13. bxc6 bxc6 14. cxd5 cxd5
15. e4 dxe4 16. Bxe4 Be6 17. Bxa8 Qxa8 18. Qa4 Nd4 19. Nxd4 exd4 20. Ne4 Bh3
21. Rfe1 f5 22. Qd7 Nd5 23. Rb7 1-0

[Event "II Aberto Prof Joao Braga"]
[Site "Clube de Xadrez Sao Paulo"]
[Date "2014.12.13"]
[Round "3.13"]
[White "Caporale, Giuseppe Guido"]
[Black "Sztokbant, Bernardo Vainzoff"]
[Result "0-1"]
[WhiteElo "1718"]
[BlackElo "2297"]
[PlyCount "48"]
[EventDate "2014.12.12"]

1. e4 e5 2. Nf3 Nc6 3. Bc4 Bc5 4. b4 Bxb4 5. c3 Be7 6. O-O Nf6 7. d3 O-O 8. Bb3
d6 9. Be3 Na5 10. Nbd2 Nxb3 11. axb3 Re8 12. Rxa7 Rxa7 13. Bxa7 b6 14. d4 Ba6
15. c4 Qa8 16. dxe5 dxe5 17. Nxe5 Bd6 18. Ng4 Nxg4 19. Qxg4 Bc8 20. Qh4 Qxa7
21. f4 Qa2 22. Nf3 Qxb3 23. e5 Bc5+ 24. Kh1 Qd3 0-1

[Event "II Aberto Prof Joao Braga"]
[Site "Clube de Xadrez Sao Paulo"]
[Date "2014.12.13"]
[Round "3.14"]
[White "Souza Neves, Andrey M"]
[Black "De Oliveira, Francemir Barra"]
[Result "1-0"]
[WhiteElo "2147"]
[BlackElo "1751"]
[PlyCount "63"]
[EventDate "2014.12.12"]

1. d4 e6 2. Bf4 b6 3. e3 Bb7 4. Nf3 Be7 5. Nbd2 f5 6. c4 Nf6 7. h3 d6 8. Qc2
O-O 9. Bd3 Nbd7 10. Ng5 g6 11. Nxe6 Qc8 12. Nxf8 Nxf8 13. Rg1 Qd7 14. O-O-O a6
15. f3 c5 16. d5 b5 17. e4 Nh5 18. Bh6 fxe4 19. Nxe4 Ng7 20. g4 Rb8 21. f4 Qd8
22. f5 Bf6 23. Nxf6+ Qxf6 24. fxg6 Nxg6 25. Rgf1 Qh4 26. Bxg7 Kxg7 27. Bxg6
hxg6 28. Qc3+ Kg8 29. Qf6 Qh6+ 30. g5 Qh7 31. Qe6+ Kh8 32. Rf7 1-0

[Event "II Aberto Prof Joao Braga"]
[Site "Clube de Xadrez Sao Paulo"]
[Date "2014.12.13"]
[Round "3.15"]
[White "Farias, Sergio Luiz Cardoso"]
[Black "Abdalla, Jose Lucas Aurelli"]
[Result "1-0"]
[WhiteElo "1574"]
[BlackElo "2128"]
[PlyCount "37"]
[EventDate "2014.12.12"]

1. d4 Nf6 2. c4 c5 3. e3 d5 4. dxc5 e6 5. Nc3 Bxc5 6. Nf3 Nc6 7. Be2 O-O 8. O-O
Ne7 9. Qc2 Bd7 10. b3 Rc8 11. Bb2 dxc4 12. Bxc4 Bb4 13. Rad1 Qc7 14. Ne4 Nxe4
15. Qxe4 Bc6 16. Qg4 Ng6 17. Qd4 e5 18. Nxe5 Rcd8 19. Bxf7+ 1-0

[Event "II Aberto Prof Joao Braga"]
[Site "Clube de Xadrez Sao Paulo"]
[Date "2014.12.13"]
[Round "3.16"]
[White "Valente, Rodrigo De Deus"]
[Black "Nunes, Adilson"]
[Result "0-1"]
[WhiteElo "2043"]
[BlackElo "1713"]
[PlyCount "76"]
[EventDate "2014.12.12"]

1. d4 d5 2. c4 e6 3. Nc3 c6 4. Nf3 Nf6 5. Bg5 Be7 6. e3 O-O 7. Bd3 Nbd7 8. Rc1
b6 9. cxd5 exd5 10. O-O Bb7 11. Bb1 Rc8 12. Ne5 Nxe5 13. dxe5 Nd7 14. Qc2 g6
15. Bh6 Re8 16. f4 f5 17. g4 fxg4 18. Qe2 Bc5 19. Bg5 Be7 20. Bh6 Bc5 21. b4
Bf8 22. Bxf8 Nxf8 23. Qxg4 Rc7 24. Rcd1 Rg7 25. Ne4 Bc8 26. Qg3 Kh8 27. Nd6
Ree7 28. Kh1 Qd7 29. Rc1 Bb7 30. Qh4 Ba6 31. Rg1 Be2 32. Rg3 Re6 33. Rcg1 Rxd6
34. exd6 Qxd6 35. f5 g5 36. Rxg5 Bf3+ 37. R1g2 Bxg2+ 38. Kxg2 Qf6 0-1

[Event "II Aberto Prof Joao Braga"]
[Site "Clube de Xadrez Sao Paulo"]
[Date "2014.12.13"]
[Round "3.17"]
[White "Costa, Edvaldo Da Cruz"]
[Black "Dornelles, Marcio Neron Camarg"]
[Result "0-1"]
[WhiteElo "1652"]
[BlackElo "1966"]
[PlyCount "114"]
[EventDate "2014.12.12"]

1. d4 Nf6 2. c4 g6 3. Nc3 Bg7 4. e4 d6 5. Nf3 O-O 6. Be2 Nbd7 7. O-O e5 8. Be3
exd4 9. Bxd4 Re8 10. Nd2 c6 11. f4 Qe7 12. Bf3 Nb6 13. e5 Nfd7 14. Kh1 dxe5 15.
Re1 Qf8 16. fxe5 Nxe5 17. Nb3 Nxf3 18. Rxe8 Qxe8 19. Qxf3 Bxd4 20. Nxd4 Qe5 21.
Rf1 Be6 22. Nxe6 Qxe6 23. b3 Re8 24. Ne4 f5 25. Nc5 Qe7 26. Nd3 Qe2 27. c5 Qxf3
28. gxf3 Nd5 29. Re1 Rxe1+ 30. Nxe1 Kf7 31. Nd3 Ke6 32. Kg2 g5 33. Kg3 Nc3 34.
a3 Ne2+ 35. Kf2 Nd4 36. b4 Kd5 37. f4 h6 38. fxg5 hxg5 39. Kg3 Kc4 40. Ne5+ Kb3
41. Nf7 g4 42. Nd6 Kxa3 43. b5 cxb5 44. Nxb7 b4 45. Na5 b3 46. Nc4+ Ka2 47. Kf4
b2 48. Nxb2 Kxb2 49. Ke5 Nc6+ 50. Kxf5 a5 51. Kxg4 a4 52. h4 a3 53. h5 a2 54.
h6 a1=Q 55. Kf5 Kb3 56. Kg6 Qh8 57. h7 Kc4 0-1

[Event "II Aberto Prof Joao Braga"]
[Site "Clube de Xadrez Sao Paulo"]
[Date "2014.12.13"]
[Round "3.18"]
[White "Bastos Seixas, Pedro Lucas"]
[Black "Da Silva, Camila Evaristo"]
[Result "1-0"]
[WhiteElo "1965"]
[BlackElo "1657"]
[PlyCount "51"]
[EventDate "2014.12.12"]

1. e4 e5 2. Nf3 Nf6 3. Nc3 Nc6 4. Bb5 d6 5. d4 exd4 6. Qxd4 Bd7 7. Bxc6 Bxc6 8.
Bf4 Be7 9. O-O-O O-O 10. h3 Nd7 11. Nd5 a5 12. Rhe1 f6 13. Nh4 Re8 14. Nf5 Bf8
15. Rd3 Ne5 16. Rg3 Ng6 17. Bd2 Kh8 18. Bc3 Bxd5 19. Qxd5 c6 20. Qf7 b5 21. h4
b4 22. h5 bxc3 23. hxg6 cxb2+ 24. Kb1 h6 25. Nxh6 Be7 26. Nf5 1-0

[Event "II Aberto Prof Joao Braga"]
[Site "Clube de Xadrez Sao Paulo"]
[Date "2014.12.13"]
[Round "3.19"]
[White "Alves, Sidney David"]
[Black "Desideri, Ricardo Maruchi"]
[Result "0-1"]
[WhiteElo "1501"]
[BlackElo "1954"]
[PlyCount "46"]
[EventDate "2014.12.12"]

1. d4 Nf6 2. c4 c5 3. d5 e6 4. Nc3 exd5 5. cxd5 d6 6. g3 g6 7. Bg2 Bg7 8. Nf3
O-O 9. O-O Re8 10. Nd2 Na6 11. a3 Rb8 12. a4 Nc7 13. Nc4 b6 14. h3 Ba6 15. b3
Ncxd5 16. Bb2 Nxc3 17. Bxc3 d5 18. Bxd5 Qxd5 19. Qxd5 Nxd5 20. Bxg7 Kxg7 21. e3
Nc3 22. Rfe1 Bxc4 23. bxc4 Re4 0-1

[Event "II Aberto Prof Joao Braga"]
[Site "Clube de Xadrez Sao Paulo"]
[Date "2014.12.13"]
[Round "3.20"]
[White "Yoshioka, Hugo"]
[Black "Andreeva, Elena"]
[Result "0-1"]
[WhiteElo "1500"]
[BlackElo "1935"]
[PlyCount "102"]
[EventDate "2014.12.12"]

1. d4 Nf6 2. c4 g6 3. Nf3 Bg7 4. Nc3 d6 5. Bg5 O-O 6. e3 Nbd7 7. Be2 b6 8. O-O
Bb7 9. b4 a5 10. a3 axb4 11. axb4 Ne4 12. Nxe4 Bxe4 13. Nd2 Bb7 14. Bf3 Bxf3
15. Qxf3 Rxa1 16. Rxa1 h6 17. Bh4 c5 18. bxc5 bxc5 19. Nb3 g5 20. Bg3 Qb6 21.
Qd1 Rb8 22. Rb1 cxd4 23. Nd2 Qc7 24. Rxb8+ Qxb8 25. exd4 Bxd4 26. Qg4 Qa7 27.
Qe2 Qa1+ 28. Nf1 Be5 29. Qh5 Bg7 30. Qg4 Nf6 31. Qc8+ Bf8 32. c5 Ne4 33. Qb7
Nd2 34. Qb5 dxc5 35. Qe2 Qxf1+ 36. Qxf1 Nxf1 37. Kxf1 f5 38. f3 Kf7 39. Ke2 Ke6
40. Kd3 Kd5 41. Bf2 c4+ 42. Kc3 Bg7+ 43. Kc2 Bd4 44. Be1 e5 45. h3 e4 46. fxe4+
Kxe4 47. Kd2 f4 48. Ke2 c3 49. Kd1 Kd3 50. Kc1 Be3+ 51. Kb1 c2+ 0-1

[Event "II Aberto Prof Joao Braga"]
[Site "Clube de Xadrez Sao Paulo"]
[Date "2014.12.13"]
[Round "3.23"]
[White "Vieira, Alexandre Letizio"]
[Black "Camargo, Luca Oshiro"]
[Result "1-0"]
[WhiteElo "1818"]
[BlackElo "1488"]
[PlyCount "69"]
[EventDate "2014.12.12"]

1. e4 c5 2. Nf3 a6 3. d4 cxd4 4. Nxd4 Nf6 5. Nc3 e5 6. Nf3 Bb4 7. Bd3 d5 8.
Nxe5 d4 9. a3 Bd6 10. Nc4 dxc3 11. e5 Bc5 12. exf6 Qxf6 13. Qe2+ Be6 14. b4 Bd4
15. Nd6+ Kd7 16. Ne4 Qd8 17. Be3 Nc6 18. Rd1 Ke7 19. O-O Re8 20. Rfe1 Kf8 21.
Qh5 Bxe3 22. Rxe3 h6 23. Qc5+ Kg8 24. Nxc3 Rc8 25. Bh7+ Kxh7 26. Rxd8 Rexd8 27.
h3 Nd4 28. Qe5 Nf5 29. Rf3 f6 30. Qxe6 Nd4 31. Qe4+ f5 32. Rxf5 Nxf5 33. Qxf5+
Kg8 34. Ne4 Rf8 35. Qe6+ 1-0

[Event "II Aberto Prof Joao Braga"]
[Site "Clube de Xadrez Sao Paulo"]
[Date "2014.12.13"]
[Round "3.25"]
[White "Araujo, Renan Aparecido"]
[Black "Federzoni, Enzo"]
[Result "1-0"]
[WhiteElo "1966"]
[BlackElo "1614"]
[PlyCount "103"]
[EventDate "2014.12.12"]

1. d4 Nf6 2. Bg5 g6 3. Bxf6 exf6 4. g3 Bg7 5. Bg2 d5 6. e3 O-O 7. Ne2 Nd7 8.
Bxd5 c6 9. Bg2 f5 10. O-O Nf6 11. c4 Be6 12. Nd2 Re8 13. b4 Ne4 14. Nf4 Nxd2
15. Nxe6 fxe6 16. Qxd2 Qc7 17. Rab1 Rad8 18. Qc2 e5 19. dxe5 Bxe5 20. Rfd1
Rxd1+ 21. Rxd1 Rd8 22. Rd3 Rxd3 23. Qxd3 Qd6 24. Qb3 Kg7 25. a4 b6 26. a5 c5
27. bxc5 Qxc5 28. axb6 axb6 29. Qa4 Qc7 30. Bd5 Bd6 31. Qe8 Qe7 32. Qg8+ Kh6
33. Kg2 Qf8 34. Qe6 Qe7 35. Qc8 Qc7 36. Qa6 Qc5 37. Kf3 Qc7 38. Ke2 Bc5 39. Qa4
Qe5 40. Qb5 Qc3 41. Qd7 Qb2+ 42. Kf3 Qa1 43. h4 Qg7 44. Qc6 Qe5 45. Qc8 Qe7 46.
Kg2 Qf6 47. Kh3 Qb2 48. Qd8 Qxf2 49. Qg5+ Kg7 50. h5 Qf1+ 51. Kh4 Kf8 52. Qf6+
1-0

[Event "II Aberto Prof Joao Braga"]
[Site "Clube de Xadrez Sao Paulo"]
[Date "2014.12.13"]
[Round "3.26"]
[White "Teshima, Ricardo Yoshida"]
[Black "Christen, Peter Walter"]
[Result "1/2-1/2"]
[WhiteElo "1730"]
[BlackElo "1548"]
[PlyCount "103"]
[EventDate "2014.12.12"]

1. Nf3 e6 2. b3 Nf6 3. Bb2 d5 4. e3 b6 5. Ne5 Bd6 6. Bb5+ Bd7 7. Bxd7+ Nfxd7 8.
Nxd7 Qxd7 9. O-O O-O 10. f4 Nc6 11. Qg4 f5 12. Qg5 Qf7 13. g4 Be7 14. Qh5 Bf6
15. Bxf6 Qxh5 16. gxh5 Rxf6 17. Nc3 a6 18. Ne2 Rh6 19. Ng3 g6 20. hxg6 Rxg6 21.
Kf2 Kf7 22. a3 Rag8 23. Rg1 Ne7 24. Rad1 c5 25. c3 Rd8 26. d4 Rgg8 27. Ne2 c4
28. bxc4 dxc4 29. Rb1 Nd5 30. Rxg8 Rxg8 31. a4 Rb8 32. Kf3 b5 33. axb5 axb5 34.
e4 fxe4+ 35. Kxe4 b4 36. cxb4 Rxb4 37. Rxb4 Nxb4 38. Ke3 Nd5+ 39. Ke4 Nf6+ 40.
Kf3 Kg6 41. Nc3 Kf5 42. Nb5 Ne4 43. Na3 c3 44. Nc2 Nd2+ 45. Kg3 Nf1+ 46. Kg2
Nxh2 47. Kxh2 Kxf4 48. Kg2 Ke4 49. Kf2 Kd3 50. Ne1+ Kxd4 51. Ke2 h5 52. Kd1 {
Ilegível} 1/2-1/2

[Event "II Aberto Prof Joao Braga"]
[Site "Clube de Xadrez Sao Paulo"]
[Date "2014.12.13"]
[Round "3.28"]
[White "Silvestre, Gilmar Severino"]
[Black "Dinegri, Rodrigo"]
[Result "0-1"]
[WhiteElo "1636"]
[BlackElo "1652"]
[PlyCount "84"]
[EventDate "2014.12.12"]

1. d4 Nf6 2. c4 e6 3. Bf4 b6 4. Nf3 Bb7 5. e3 c5 6. Nc3 cxd4 7. exd4 Bb4 8. Be2
Ne4 9. Qc2 Nxc3 10. bxc3 Be7 11. O-O O-O 12. Bd3 h6 13. Rfe1 d6 14. Be4 Nc6 15.
Rab1 Rc8 16. Qa4 Qc7 17. Nd2 Na5 18. Bxb7 Qxb7 19. Qxa5 Qa8 20. Qh5 g5 21. Bg3
Kg7 22. Re3 d5 23. cxd5 Qxd5 24. c4 Qa5 25. Qd1 Rfd8 26. Qc2 Kg8 27. Rb5 Qxb5
28. Rxe6 Bf8 29. Rg6+ Bg7 30. Be5 fxg6 31. Qxg6 Qd7 32. Ne4 Qf7 33. Nf6+ Kf8
34. Nh7+ Ke8 35. Qe4 Bxe5 36. Qxe5+ Qe7 37. Qb5+ Rd7 38. Qb1 Qxh7 39. Qe1+ Re7
40. Qb4 Qc2 41. Qb5+ Kd8 42. Qd5+ Rd7 0-1

[Event "II Aberto Prof Joao Braga"]
[Site "Clube de Xadrez Sao Paulo"]
[Date "2014.12.13"]
[Round "3.30"]
[White "Schultz, Rauanda"]
[Black "Van Riemsdijk, Marius"]
[Result "0-1"]
[WhiteElo "1492"]
[BlackElo "1798"]
[PlyCount "42"]
[EventDate "2014.12.12"]

1. d4 Nf6 2. c4 c5 3. d5 b5 4. cxb5 a6 5. Nc3 axb5 6. Nxb5 Ba6 7. Nc3 g6 8. Nf3
d6 9. g3 Bg7 10. Bh3 Nbd7 11. O-O O-O 12. Re1 Rb8 13. e4 c4 14. Nd4 Ne5 15. Bf1
Qb6 16. Rb1 Qxd4 17. Be3 Qxd1 18. Rexd1 Nfg4 19. Bf4 g5 20. Bd2 Nf3+ 21. Kg2
Nxd2 0-1

[Event "II Aberto Prof Joao Braga"]
[Site "Clube de Xadrez Sao Paulo"]
[Date "2014.12.13"]
[Round "3.31"]
[White "Nikolic, Jovane"]
[Black "Lukjanenko Callegari, Lucca"]
[Result "1-0"]
[WhiteElo "1773"]
[BlackElo "1248"]
[PlyCount "105"]
[EventDate "2014.12.12"]

1. e4 c6 2. d4 d5 3. exd5 cxd5 4. c4 Nf6 5. Nc3 g6 6. Bg5 Bg7 7. Bxf6 Bxf6 8.
Nxd5 Be6 9. Nxf6+ exf6 10. d5 Bf5 11. Qa4+ Bd7 12. Qb4 Na6 13. Qa3 b6 14. Qxa6
Qe7+ 15. Kd1 Qc5 16. Qa3 Qxf2 17. Qf3 Bg4 18. Qxg4 Qxf1+ 19. Kc2 Qxa1 20. Qe4+
Kf8 21. d6 Re8 22. Qd5 Re2+ 23. Nxe2 Qxh1 24. d7 Ke7 25. Nd4 Kd8 26. Nc6+ Kc7
27. d8=Q+ Rxd8 28. Nxd8 Qf1 29. Nxf7 Qe2+ 30. Kb3 Qe3+ 31. Ka4 Qe8+ 32. Ka3
Qe3+ 33. b3 Qe7+ 34. b4 a5 35. Qd8+ Qxd8 36. Nxd8 Kxd8 37. bxa5 bxa5 38. Ka4 h5
39. Kxa5 Kc7 40. Kb5 g5 41. Kc5 f5 42. g3 f4 43. gxf4 gxf4 44. Kd4 Kc6 45. a4
h4 46. Ke4 Kc5 47. a5 Kxc4 48. a6 Kc3 49. a7 Kd2 50. a8=Q Ke2 51. Qa2+ Ke1 52.
Qc2 h3 53. Kf3 1-0

[Event "II Aberto Prof Joao Braga"]
[Site "Clube de Xadrez Sao Paulo"]
[Date "2014.12.13"]
[Round "3.32"]
[White "Felippe E Silva, Glenda"]
[Black "Santos, Marcos Correia"]
[Result "1-0"]
[WhiteElo "1325"]
[BlackElo "1557"]
[PlyCount "70"]
[EventDate "2014.12.12"]

1. d4 f5 2. Nf3 e6 3. Bf4 d5 4. e3 Nf6 5. Nbd2 Nh5 6. Bg5 Nf6 7. Bd3 Bd6 8. O-O
O-O 9. Ne5 Nbd7 10. Bf4 Ne4 11. c4 Qe8 12. f3 Nef6 13. Bg3 Nh5 14. f4 Nxg3 15.
hxg3 Nf6 16. c5 Bxe5 17. fxe5 Ng4 18. Rf3 Qh5 19. Kf1 Nh2+ 20. Kf2 Nxf3 21.
Qxf3 Qg5 22. Qf4 Qe7 23. Nf3 a5 24. Ng5 h6 25. Nf3 b6 26. g4 g5 27. Qg3 f4 28.
exf4 Rxf4 29. Qh3 Qf8 30. Ke3 bxc5 31. Nxg5 cxd4+ 32. Kd2 Rf2+ 33. Ke1 Qf4 34.
Rd1 Rxb2 35. Nf3 Qe3+ 1-0

[Event "II Aberto Prof Joao Braga"]
[Site "Clube de Xadrez Sao Paulo"]
[Date "2014.12.13"]
[Round "4.1"]
[White "Mendonca, Mateus Nakajo"]
[Black "Matsuura, Everaldo"]
[Result "1-0"]
[WhiteElo "2390"]
[BlackElo "2506"]
[PlyCount "97"]
[EventDate "2014.12.12"]

1. d4 d5 2. c4 e6 3. Nc3 c6 4. e4 dxe4 5. Nxe4 Bb4+ 6. Nc3 c5 7. a3 Ba5 8. Nf3
Nf6 9. Qd3 O-O 10. Be3 cxd4 11. Nxd4 Ng4 12. b4 Bc7 13. Rd1 a6 14. Be2 Nxe3 15.
Qxe3 Qh4 16. g3 Qh3 17. Bf1 Qh5 18. Bg2 Nd7 19. c5 e5 20. Qe2 Qxe2+ 21. Ndxe2
Nf6 22. O-O Rb8 23. Nd5 Nxd5 24. Bxd5 Rd8 25. Nc3 Bh3 26. Rfe1 Kf8 27. Rd3 Rd7
28. Red1 Rbd8 29. f3 Bf5 30. R3d2 Be6 31. Kf2 Bxd5 32. Nxd5 f6 33. a4 Kf7 34.
Ke3 Bb8 35. b5 axb5 36. axb5 Ke6 37. Nb4 Rxd2 38. Rxd2 Rxd2 39. Kxd2 f5 40. Kd3
h5 41. b6 Kd7 42. Kc4 g5 43. Kd5 h4 44. c6+ bxc6+ 45. Nxc6 hxg3 46. hxg3 Bd6
47. Nxe5+ Ke7 48. g4 fxg4 49. fxg4 1-0

[Event "II Aberto Prof Joao Braga"]
[Site "Clube de Xadrez Sao Paulo"]
[Date "2014.12.13"]
[Round "4.2"]
[White "Quintiliano Pinto, Renato R"]
[Black "Tsuboi, Edson Kenji"]
[Result "1/2-1/2"]
[WhiteElo "2390"]
[BlackElo "2252"]
[PlyCount "95"]
[EventDate "2014.12.12"]

1. d4 Nf6 2. c4 e6 3. Nf3 d5 4. Nc3 Be7 5. Bf4 O-O 6. e3 c5 7. dxc5 Bxc5 8.
cxd5 Nxd5 9. Nxd5 exd5 10. a3 Nc6 11. Bd3 Bb6 12. O-O d4 13. e4 Bg4 14. h3 Qf6
15. Bg3 Bxf3 16. Qxf3 Qxf3 17. gxf3 Na5 18. Rac1 Nb3 19. Rc2 Rac8 20. Rd1 a6
21. Bd6 Rfd8 22. e5 Ba7 23. Bc4 Na5 24. Rdc1 Nxc4 25. Rxc4 Rxc4 26. Rxc4 d3 27.
Kf1 Bb8 28. Ke1 Bxd6 29. exd6 g5 30. Rd4 f6 31. f4 gxf4 32. Rxd3 Kf7 33. Ke2
Ke6 34. Kf3 Rxd6 35. Rxd6+ Kxd6 36. Kxf4 a5 37. a4 Ke6 38. Ke4 Kd6 39. Kf5 Ke7
40. Ke4 Ke6 41. Kd4 Kd6 42. Kc4 Kc6 43. Kd4 Kd6 44. Kc4 Kc6 45. h4 b6 46. Kd4
Kd6 47. Kc4 Kc6 48. Kd4 1/2-1/2

[Event "II Aberto Prof Joao Braga"]
[Site "Clube de Xadrez Sao Paulo"]
[Date "2014.12.13"]
[Round "4.3"]
[White "Santos, Marcus Vinicius More"]
[Black "Rodrigues, Leonardo De Miranda"]
[Result "1-0"]
[WhiteElo "2331"]
[BlackElo "2173"]
[PlyCount "93"]
[EventDate "2014.12.12"]

1. d4 Nf6 2. c4 e6 3. Nc3 Bb4 4. e3 O-O 5. Nge2 b6 6. a3 Bxc3+ 7. Nxc3 Bb7 8.
Bd3 d6 9. O-O Nc6 10. d5 Ne5 11. Be2 Re8 12. e4 a5 13. f4 Ned7 14. Qc2 exd5 15.
cxd5 Nc5 16. Bf3 Qe7 17. Bd2 Ba6 18. Rfe1 Bd3 19. Qd1 Nfxe4 20. Bxe4 Bxe4 21.
b4 axb4 22. axb4 Rxa1 23. Qxa1 Nb3 24. Qa2 Nxd2 25. Qxd2 f5 26. Qd4 Qf6 27.
Qxf6 gxf6 28. Ra1 c5 29. b5 Bd3 30. Kf2 Kf7 31. Ra6 Rb8 32. Ke3 Bf1 33. Ra7+
Kg6 34. g3 h5 35. h4 Kh6 36. Rd7 Ra8 37. Rxd6 Ra3 38. Kd2 Rb3 39. Rxf6+ Kg7 40.
Rxb6 Rb2+ 41. Kc1 Rg2 42. Rc6 c4 43. b6 Bd3 44. b7 Rc2+ 45. Kd1 Rb2 46. Rc7+
Kf6 47. d6 1-0

[Event "II Aberto Prof Joao Braga"]
[Site "Clube de Xadrez Sao Paulo"]
[Date "2014.12.13"]
[Round "4.4"]
[White "De Moura, Sergio Jovelino"]
[Black "Pires, Marcos Vinicius Tors"]
[Result "0-1"]
[WhiteElo "2121"]
[BlackElo "2282"]
[PlyCount "96"]
[EventDate "2014.12.12"]

1. e4 e5 2. Nf3 Nc6 3. Bb5 a6 4. Ba4 Nf6 5. O-O Be7 6. Re1 b5 7. Bb3 d6 8. c3
O-O 9. h3 Nb8 10. d4 Nbd7 11. Nbd2 Bb7 12. Bc2 Re8 13. Nf1 Bf8 14. Ng3 g6 15.
a4 c5 16. d5 c4 17. Bg5 Be7 18. Be3 Qc7 19. Nh2 Bf8 20. Ng4 Nxg4 21. hxg4 Qd8
22. g5 h5 23. Nf1 Be7 24. Qd2 Nf8 25. Nh2 Nh7 26. Nf3 Rb8 27. axb5 axb5 28. Ra7
Bc8 29. Rea1 Bg4 30. Nh2 Bxg5 31. Nxg4 hxg4 32. Bxg5 Nxg5 33. R7a6 Kg7 34. Qe3
Rh8 35. Qg3 Rh5 36. Qxg4 Nh3+ 37. Kf1 Nf4 38. Ke1 Qf6 39. g3 Nd3+ 40. Bxd3 cxd3
41. f4 Rbh8 42. Kd2 Rh2+ 43. Kxd3 exf4 44. e5 Qxe5 45. Qxf4 Qe2+ 46. Kd4 Qc4+
47. Ke3 Re8+ 48. Qe5+ Rxe5+ 0-1